00517nam a22001697a 4500003000400000008004100004082001800045100002600063245011600089260006800205300001000273502001700283650001700300650000800317650001100325650001100336OSt260429b |||||||| |||| 00| 0 eng d a635.656bS48S aSingh, Rabindra Nath. aStudies on Genetic Variability, Manifestation of Heterosis and Combining Ability in Peacby Rabindra Nath Singh a.- Sabour, Bhagalpurb: Bihar Agricultural College, RAUc, 1993 a139p. bPh. D.d1993 aHorticulture aPea aThesis aPh. D.